00674nam a2200229Ia 4500008004100000020001500041020002200056041000800078082001900086100002100105245004400126250000800170260003800178300000800216365001400224650003900238700001900277700001800296942001200314999001900326952009900345140306s9999 xx 000 0 und d a8131512061 a978-81-315-1206-7 aeng a658.15bALE/GL aAlexander, David aGlobal Financial Reporting and analysis a1st aNew DelhibCengage Learningc2007 a730 bRs. 499/- aInternational Acounting Differnces aBritton, Annie aJorissen, Ann 2ddccBK c188354d188354 00102ddc4070aKAUCBVbKAUCBVg499.00l0o658.15 ALE/GLr2014-03-22 00:00:00w2014-03-22yBK